Generálka plná rozpakov

Bibliographic Details
Main Author: Ščepán, Stanislav, 1957- (Author)
Format: Article
Language:Slovak
Subjects:

MARC

LEADER 00000nab a2200000 a 4500
001 vtls000298133
003 SK-MaSNL
005 20260303165430.0
008 160201c1987 xo 0 slo
015 |a SNBRB19rr/mm-uuuuu 
035 |a CL0308252 
040 |a SNKBUCL  |b slo  |c SNKBUCL  |e AACR2 
041 0 |a slo 
044 |a xo  |c SK 
080 |a 796.912.093.1  |2 1981 
100 1 |a Ščepán, Stanislav,  |d 1957-  |4 aut  |9 221823 
245 1 0 |a Generálka plná rozpakov  |c Stano Ščepán 
650 0 7 |a krasokorčuľovanie  |2 snkbucl  |9 3255 
650 0 7 |a Pražská korčuľa (preteky v krasokorčulovaní medzinár.)  |2 snkbucl  |9 941492 
651 7 |a 3100  |2 snkbucl  |9 920766 
655 7 |a články z novín a časopisov  |2 snkbucl  |9 267496 
773 0 |t Šport  |g Roč. 41, č. 264 (10. 11. 1987), s. 1 
850 |a Slovenská národná knižnica v Martine  |a MTA001 
852 |a SNK  |b KIS3GCP 
958 |a RK 
958 |a CZ 
992 |a RBX 
999 |c 2071713  |d 2073643